Pays qui contiennent la lettre AAA+ - Statistiques

Statistiques générales
  • Ce quiz a été pris 190 fois
  • Le résultat moyen est 8 sur 13
Statistiques - réponses
Indice Pays % Correct
3 x A Canada
82%
3 x A Panama
74%
3 x A Kazakhstan
70%
3 x A Afghanistan
68%
3 x A Arabie Saoudite
68%
4 x A Madagascar
64%
3 x A Guatemala
59%
3 x A Nicaragua
59%
3 x A Azerbaïdjan
57%
4 x A Antigua-et-Barbuda
50%
3 x A Bahamas
45%
3 x A Émirats Arabes Unis
44%
3 x A Paraguay
38%
Aucun quiz correspondant
Distribution des résultats
% des personnes avec chaque résultat
Percentile par nombre de réponses
Votre historique - résultats
Vous n’avez pas pris ce quiz